Making Harmony: Living in a Pluralistic World (Record no. 20770)

MARC details
000 -LEADER
fixed length control field 00323nam a22001337a 4500
020 ## - INTERNATIONAL STANDARD BOOK NUMBER
ISBN 81-7214-712-0
082 ## - DEWEY DECIMAL CLASSIFICATION NUMBER
Classification number 291 AMA
100 ## - MAIN ENTRY--AUTHOR NAME
Author name Amaladoss, Michael S. J.
245 ## - TITLE STATEMENT
Title Making Harmony: Living in a Pluralistic World
260 ## - PUBLICATION, DISTRIBUTION, ETC. (IMPRINT)
Place of publication Delhi
Name of publisher ISPCK
Year of publication 2003
300 ## - PHYSICAL DESCRIPTION
Number of Pages 186
650 ## - SUBJECT ADDED ENTRY--TOPICAL TERM
Topical Term Comparative Religion
942 ## - ADDED ENTRY ELEMENTS (KOHA)
Koha item type Books
Holdings
Home library Current library Shelving location Date acquired Source of acquisition Cost, normal purchase price Full call number Accession Number Koha item type
Henry Martyn Institute Library Henry Martyn Institute Library General stacks 11/07/2017 ISPCK Publishers 125.00 291 AMA 25425 Books
                   Copyright © 2026 | Henry Martyn Institute | Hyderabad | TS-500052 | INDIA | Implemented by hmi.edu.in
Hit-Count:

Powered by Koha